| 000 | 00925cam a22002775a 4500 | ||
|---|---|---|---|
| 008 | 110704s2007 nyuad|||r|||| 001 0 eng d | ||
| 010 | _a 2002190823 | ||
| 020 | _a0471698043 (acid-free paper) | ||
| 020 | _a9780471698043 | ||
| 040 |
_aEG-ScBUE _beng _cEG-ScBUE |
||
| 082 | 0 | 4 |
_a515 _bCAL _222 |
| 245 | 0 | 0 |
_aCalculus : _bOne and Several Variables / _cSaturnino L Salas; Einar Hille; Garret J Etgen |
| 250 | _a10th ed. | ||
| 260 |
_aNew York : _bJ. Wiley & Sons, _c2007 |
||
| 300 |
_a (various pagings) : _bill. ; _c28 cm. |
||
| 500 | _aIncludes index. | ||
| 650 | 0 |
_aCalculus. _926125 _2BUEsh |
|
| 651 | _2BUEsh | ||
| 653 | _cAugust2015 | ||
| 655 |
_vtext book _933728 |
||
| 856 | 4 | 1 |
_3Table of contents _uhttp://www.loc.gov/catdir/toc/wiley031/2002190823.html |
| 942 |
_cBB _k515 SAL _2ddc _hRDA-MOD |
||
| 999 |
_c5916 _d5916 |
||
| 336 |
_2rdacontent _atext _btxt |
||
| 337 |
_aunmediated _2rdamedia _bn |
||
| 338 |
_avolume _bnc _2rdacarrier |
||